[Event "Alba Iulia Romania 100 op"]
[Site "Alba Iulia"]
[Date "2018.11.12"]
[Round "1"]
[White "Mihalache, Paul Stelian"]
[Black "Moiseenko, Vadim"]
[Result "0-1"]
[WhiteElo "1809"]
[BlackElo "2491"]
[PlyCount "50"]
[EventDate "2018.11.12"]
[EventType "swiss"]
[EventRounds "9"]
[EventCountry "ROU"]
[SourceTitle "CBM 187 Extra"]
[Source "ChessBase"]
[SourceDate "2018.11.04"]
[SourceVersion "1"]
[SourceVersionDate "2018.11.04"]
[SourceQuality "1"]

1. d4 Nf6 2. c4 c5 3. d5 b5 4. cxb5 a6 5. bxa6 g6 6. Nc3 Bg7 7. Nf3 0-0 8. g3 d6 9. Bg2 Nbd7 10. 0-0 Ng4 11. Qc2 Bxa6 12. h3 Nge5 13. Nxe5 Nxe5 14. b3 Rb8 15. Rb1 Qa5 16. Bd2 Qa3 17. Bc1 Qb4 18. a3 Qa5 19. Bb2 Rb7 20. Rfd1 Rfb8 21. Bc1 Nc4 22. bxc4 Qxc3 23. Qxc3 Bxc3 24. Rxb7 Rxb7 25. Bf1 Rb2 0-1

[Event "Iasi op"]
[Site "Iasi"]
[Date "2014.05.12"]
[Round "3"]
[White "Bilescu, Lucian Wolfgang"]
[Black "Mihalache, Paul Stelian"]
[Result "1-0"]
[WhiteElo "1997"]
[BlackElo "1560"]
[PlyCount "61"]
[EventDate "2014.05.10"]
[EventType "swiss"]
[EventRounds "9"]
[EventCountry "ROU"]
[SourceTitle "CBM 160 Extra"]
[Source "ChessBase"]
[SourceDate "2014.07.01"]
[SourceVersion "1"]
[SourceVersionDate "2014.07.01"]
[SourceQuality "1"]

1. e4 c5 2. Nf3 e6 3. d4 cxd4 4. Nxd4 Nf6 5. Nc3 Nc6 6. Ndb5 Bb4 7. a3 Bxc3+ 8. Nxc3 d5 9. exd5 Nxd5 10. Nxd5 Qxd5 11. Qxd5 exd5 12. Bf4 Bf5 13. 0-0-0 0-0-0 14. Bb5 Rhe8 15. Rd2 Re4 16. Bg3 Re7 17. Rhd1 Bg4 18. f3 Be6 19. Bh4 f6 20. h3 a6 21. Bc4 Ne5 22. Bg3 Bxh3 23. Bxd5 Bd7 24. Bf2 Rde8 25. Bc5 Nxf3 26. Bxf3 Re5 27. Bd6 Re1 28. c4 Ba4 29. Bg4+ Bd7 30. Bxd7+ Kxd7 31. Bg3+ 1-0